00263nam a2200109Ia 4500008004100000100001700041245003100058250001400089260003300103300000900136650000800145191201s2010 xx 000 0 und d aKAPOOR, N.D. 0aElements of Mercantile Law a31 rev ed c2010bSultan ChandaN. Delhi aMISC aMBA